000 01262cam a22002295a 4500
001 L137988
008 070510e2007 xxk f 100 0 eng d
035 _a(Sirsi) u137988
041 0 _aeng
100 1 _aVrijhoef, Ruben
245 0 0 _aSupply chain integration for achieving best value for construction clients
_bclient-driven versus supplier-driven integration
_h[electronic resource]
260 _c2005
490 0 _aCOBRA
_v2005
520 _aDiscusses how supply chain integration from both the client and the supplier side enable higher levels of effectiveness and efficiency in multi-project approaches to construction. Reports that supply chain integration may appear in different forms, initiated by the client or the supplier, and that the appropriate forms and levels of integration are dependent on the specific construction subsector.
590 _aKA
651 4 _aEngland and Wales
_y1543-
690 _aBUILT ENVIRONMENT-BUILDING MATERIALS
700 1 _ade Ridder, Hennes A.J.
711 2 _aConstruction and Building Research Conference
_cUniversity of Queensland, Brisbane
_d4-5 July 2005
856 4 0 _uhttps://www.rics.org/site/scripts/download_info.aspx?downloadID=2572
_zView the item free of charge at www.rics.org...
942 _n0
999 _c106964
_d106964